| 000 | 00377nam a2200145Ia 4500 | ||
|---|---|---|---|
| 008 | 230312s9999||||xx |||||||||||||| ||und|| | ||
| 020 | _a81-203-4396-2 | ||
| 082 |
_a621.382 _bDAS-F |
||
| 100 | _aDash;Saroj.K | ||
| 245 | 0 | _aFundamentals of Electromagnetic Theory | |
| 260 |
_bPHI _aIndia _c2011 |
||
| 300 | _a903 | ||
| 650 |
_aEngineering _vElectrical Engineering |
||
| 942 | _cBK | ||
| 999 |
_c10693 _d10693 |
||